| 000 | 00853nam a2200169Ia 4500 | ||
|---|---|---|---|
| 003 | SGT | ||
| 020 | _a9780070702134 | ||
| 082 | _a531,KIT | ||
| 100 | _aKITTEL, CHARLES | ||
| 245 | _aBERKELEY PHYSICS COURSE | ||
| 250 | _a2nd Ed. | ||
| 260 |
_bNEW DELHI. _aTMH _c2013 |
||
| 300 | _a451p. | ||
| 650 | _aCLASSICAL MECHANICS | ||
| 653 | _a1. INTRODUCTION 2. VECTORS 3. NEWTON’S LAWS OF MOTION 4. FRAMES OF REFERENCE: GALILEAN TRANSFORMATION 5. CONSERVATION OF ENERGY 6. CONSERVATION OF LINEAR AND ANGULAR MOMENTUM 7. HARMONIC OSCILLATOR: PROPERTIES AND EXAMPLES 8. ELEMENTARY DYNAMICS OF RIGID BODIES 9. INVERSE-SQUARE-LAW FORCE 10. THE SPEED OF LIGHT 11. SPECIAL RELATIVITY: THE LORENTZ TRANSFORMATION 12. RELATIVISTIC DYNAMICS: MOMENTUM AND ENERGY 13. PROBLEMS IN RELATIVISTIC DYNAMICS 14. PRINCIPLE OF EQUIVALENCE | ||
| 942 |
_2ddc _cFPS _02 |
||
| 999 |
_c6525 _d6525 |
||